Cultura y política en América Latina /
Se analiza la relacion entre dos dimensiones civilizacionales: formas culturales y expresión política. Se hace referencia a los aportes que sobre esta rpoblemática ha proporcionado la sociología clásica, en particular Durkeim y Webee. Idualmente se revisan losa formulados por la teoría de la transic...
Gespeichert in:
| 1. Verfasser: | |
|---|---|
| Format: | Text |
| Schlagworte: | |
| Tags: |
Tag hinzufügen
Keine Tags, Fügen Sie den ersten Tag hinzu!
|
MARC
| LEADER | 00000 a a2200000 04500 | ||
|---|---|---|---|
| 001 | 7308 | ||
| 003 | |||
| 040 | |||
| 100 | |a Acosta Espinoza, Nelson | ||
| 245 | |a Cultura y política en América Latina / |c Nelson Acosta Espinoza | ||
| 500 | |a Coedición con CONVERGENCIA 9(28) mayo-agosto 2002%Programa de Investigación "Cultura política en Coedición con CONVERGENCIA 9(28) mayo-agosto 2002%Programa de Investigación "Cultura política en la Venezuela del siglo XX" | ||
| 520 | |a Se analiza la relacion entre dos dimensiones civilizacionales: formas culturales y expresión política. Se hace referencia a los aportes que sobre esta rpoblemática ha proporcionado la sociología clásica, en particular Durkeim y Webee. Idualmente se revisan losa formulados por la teoría de la transición (Gino Germani, Torcuato Di Tella) y los contenidos en el libro editado por Lawrence Harrison y Samuel Huntington, "Culture masters. How Values Shape Human Progress". Se presta especial atención al concepto de capital social. Asimismo se discute la relación entre unvirsalismo y particularismo en términos del debate teórico presente en la filosofía política contemporánea y se formula una hipótesis explicativa sobre la situación política actual que enfrenta Venezuela | ||
| 650 | |a CULTURA POLITICA | ||
| 650 | |a TEORIA POLITICA | ||
| 650 | |a DEMOCRACIA | ||
| 650 | |a ANALISIS HISTORICO | ||
| 773 | |g volumen 11, número 2; páginas 267-290 | ||
| 999 | |c 37089 |d 37089 | ||
